[Event "CCT Play-in Chessable Masters 2024"]
[Site "Online"]
[Date "2024.01.31"]
[Round "7"]
[White "Cardoso Cardoso, Jose Gabriel"]
[Black "Sychev, Klementy"]
[Result "1-0"]
[WhiteElo "2477"]
[BlackElo "2542"]
[Annotator "RC"]
[PlyCount "155"]
[EventDate "2024.01.26"]
[EventType "swiss"]
[EventCountry "NET"]
[SourceTitle "playchess.com"]
[Source "ChessBase"]
[SourceQuality "1"]

1. e4 e5 2. Nf3 Nc6 3. Bc4 Nf6 4. d3 Bc5 5. O-O O-O 6. Re1 h6 7. Nbd2 d6 8. c3 Bb6 9. a4 a6 10. h3 Be6 11. b4 Nh5 12. a5 Ba7 13. Nf1 Qf6 14. Be3 Nf4 15. Bxa7 Rxa7 16. Ne3 Bxc4 17. dxc4 Qg6 18. Kh2 Qxe4 19. g3 Ne6 20. Nh4 Qh7 21. Nd5 Kh8 22. b5 axb5 23. cxb5 Rxa5 24. bxc6 Rxa1 25. Qxa1 bxc6 26. Ne7 Qc2 27. Kg1 Ng5 28. Kg2 Qd3 29. Qa4 Qxc3 30. Re3 Qd2 31. Qxc6 Kh7 32. Nf3 Nxf3 33. Rxf3 Qd4 34. Qxc7 e4 35. Re3 f5 36. Qd7 Qe5 37. Nc6 Qf6 38. Qe7 Kg6 39. Rb3 d5 40. Rb6 Kh7 41. Qe5 f4 42. Qxf4 Qxf4 43. gxf4 Rf6 44. Ra6 d4 45. Nb4 Rxf4 46. Rd6 d3 47. Nd5 Rf5 48. Ne3 Rg5+ 49. Kh2 Re5 50. Kg3 Rg5+ 51. Kf4 Rh5 52. Kxe4 Rxh3 53. Kxd3 h5 54. Ke4 Rh2 55. f4 Ra2 56. Rd7 Kg6 57. f5+ Kh6 58. Rd6+ Kh7 59. Kf4 Rh2 60. Rd7 Kh6 61. Rd6+ Kh7 62. Kg3 Rh1 63. Ng2 Rf1 64. Nh4 Rg1+ 65. Kf3 Rg4 66. Ng6 Rg5 67. Kf4 Rg4+ 68. Ke5 Rg1 69. Nf8+ Kg8 70. Ne6 h4 71. Rd3 Rg2 72. Kf4 Kf7 73. Ng5+ Kf6 74. Rd6+ Ke7 75. Rg6 h3 76. Rxg7+ Kf6 77. Rg6+ Ke7 78. Re6+ 1-0

[Event "CCT Play-in Chessable Masters 2024"]
[Site "Online"]
[Date "2024.01.31"]
[Round "7"]
[White "Klekowski, Maciej"]
[Black "js20000"]
[Result "1-0"]
[WhiteElo "2477"]
[BlackElo "2491"]
[Annotator "NA"]
[PlyCount "53"]
[EventDate "2024.01.26"]
[EventType "swiss"]
[EventCountry "NET"]
[SourceTitle "playchess.com"]
[Source "ChessBase"]
[SourceQuality "1"]

1. c4 e6 2. Nf3 d5 3. e3 a6 4. Nc3 Nf6 5. b3 g6 6. d4 Bg7 7. Ba3 Bf8 8. Bb2 Bg7 9. Bd3 O-O 10. O-O Nc6 11. Rc1 Re8 12. Qe2 dxc4 13. Bxc4 Nd5 14. Ne4 b6 15. Ne5 Nxe5 16. dxe5 Bb7 17. Rfd1 Qh4 18. Bxd5 Bxd5 19. Nf6+ Bxf6 20. exf6 c5 21. f3 Red8 22. e4 Bb7 23. Rxd8+ Rxd8 24. Rd1 Rb8 25. Qd2 h6 26. Qd6 Re8 27. Qd7 1-0

[Event "CCT Play-in Chessable Masters 2024"]
[Site "Online"]
[Date "2024.01.31"]
[Round "7"]
[White "Gascon Del Nogal, Jose Rafael"]
[Black "alexrustemov"]
[Result "0-1"]
[WhiteElo "2475"]
[BlackElo "2647"]
[Annotator "TA"]
[PlyCount "62"]
[EventDate "2024.01.26"]
[EventType "swiss"]
[EventCountry "NET"]
[SourceTitle "playchess.com"]
[Source "ChessBase"]
[SourceQuality "1"]

1. e4 e6 2. d4 d5 3. exd5 exd5 4. Bf4 Bd6 5. Qd2 Nf6 6. Nc3 O-O 7. O-O-O Re8 8. f3 c6 9. g4 b5 10. h4 b4 11. Na4 Bxf4 12. Qxf4 Nbd7 13. h5 h6 14. Bd3 Nf8 15. Nc5 N6d7 16. Nxd7 Bxd7 17. Ne2 Ne6 18. Qd2 a5 19. f4 c5 20. dxc5 Nxc5 21. Rhg1 Qh4 22. Nd4 Bxg4 23. Qg2 Nxd3+ 24. cxd3 Qf6 25. Qxg4 Qxd4 26. Rg3 Kh8 27. Rdg1 Rg8 28. Qf5 a4 29. Qe5 Qc5+ 30. Kb1 Rac8 31. a3 f6 0-1

[Event "CCT Play-in Chessable Masters 2024"]
[Site "Online"]
[Date "2024.01.31"]
[Round "7"]
[White "Vasquez Schroeder, Rodrigo"]
[Black "Caruana, Fabiano"]
[Result "0-1"]
[WhiteElo "2475"]
[BlackElo "2804"]
[Annotator "TA"]
[PlyCount "84"]
[EventDate "2024.01.26"]
[EventType "swiss"]
[EventCountry "NET"]
[SourceTitle "playchess.com"]
[Source "ChessBase"]
[SourceQuality "1"]

1. e4 e5 2. Nf3 Nc6 3. Bb5 a6 4. Ba4 Nf6 5. O-O Bc5 6. Bxc6 dxc6 7. d3 Nd7 8. Be3 Qe7 9. Bxc5 Nxc5 10. d4 exd4 11. Qxd4 f6 12. Nc3 Be6 13. Qe3 O-O 14. Nd4 a5 15. a4 Na6 16. Rad1 Bd7 17. Rd2 Nb4 18. Rfd1 Rad8 19. b3 Rfe8 20. Qf4 Bc8 21. h3 Rd6 22. Nf5 Bxf5 23. Qxf5 Red8 24. Rxd6 Rxd6 25. Qc8+ Kf7 26. Qxb7 Nxc2 27. Rc1 Nd4 28. Kh1 Rd7 29. b4 axb4 30. Nd1 Ne2 31. Ra1 Qxe4 32. Ne3 Nf4 33. Qc8 Qe6 34. Qb7 Qe4 35. Qc8 Rd3 36. Qxc7+ Kg6 37. Qc8 h5 38. Rg1 b3 39. a5 b2 40. Qb7 Nxh3 41. Rf1 Nxf2+ 42. Rxf2 Rxe3 0-1

[Event "CCT Play-in Chessable Masters 2024"]
[Site "Online"]
[Date "2024.01.31"]
[Round "7"]
[White "Ohanyan, Emin"]
[Black "Paravyan, David"]
[Result "1/2-1/2"]
[WhiteElo "2456"]
[BlackElo "2612"]
[Annotator "RC"]
[PlyCount "108"]
[EventDate "2024.01.26"]
[EventType "swiss"]
[EventCountry "NET"]
[SourceTitle "playchess.com"]
[Source "ChessBase"]
[SourceQuality "1"]

1. d4 d5 2. c4 dxc4 3. e4 e5 4. Nf3 exd4 5. Bxc4 Nc6 6. O-O Be6 7. Bb5 Bc5 8. b4 Bb6 9. a4 a6 10. Bxc6+ bxc6 11. a5 Ba7 12. Bf4 Nf6 13. Nbd2 O-O 14. Rc1 Qe7 15. Ne5 Qxb4 16. Nxc6 Qb5 17. Bxc7 Bc5 18. Qc2 Nd7 19. Ne5 Bb4 20. Ndf3 Nxe5 21. Nxd4 Qd3 22. Bxe5 Qxc2 23. Rxc2 Rfc8 24. Rxc8+ Rxc8 25. Nxe6 fxe6 26. Rb1 Bxa5 27. g3 Bd8 28. Rb7 Bf6 29. Bxf6 gxf6 30. Rb6 Ra8 31. Rxe6 Kf7 32. Rc6 a5 33. f4 a4 34. Rc2 a3 35. Ra2 Ke6 36. Kf2 Kd6 37. Ke3 Kc5 38. e5 fxe5 39. fxe5 Kc4 40. Kf4 Kb3 41. Ra1 Kb2 42. Re1 a2 43. e6 a1=Q 44. Rxa1 Rxa1 45. Ke5 Rh1 46. e7 Rxh2 47. Kf6 Re2 48. Kf7 Kc3 49. e8=Q Rxe8 50. Kxe8 Kd4 51. Kf7 Ke4 52. Kg7 Kf5 53. Kxh7 Kg4 54. Kg6 Kxg3 1/2-1/2

[Event "CCT Play-in Chessable Masters 2024"]
[Site "Online"]
[Date "2024.01.31"]
[Round "7"]
[White "adotand"]
[Black "Cuenca Jimenez, Jose Fernando"]
[Result "1-0"]
[WhiteElo "2445"]
[BlackElo "2514"]
[Annotator "RC"]
[PlyCount "97"]
[EventDate "2024.01.26"]
[EventType "swiss"]
[EventCountry "NET"]
[SourceTitle "playchess.com"]
[Source "ChessBase"]
[SourceQuality "1"]

1. e4 e5 2. Nf3 Nc6 3. Bb5 a6 4. Ba4 Nf6 5. O-O Be7 6. d3 b5 7. Bb3 d6 8. c3 O-O 9. Bc2 Nb8 10. a4 Bb7 11. h3 Nbd7 12. Re1 c5 13. Nbd2 Qc7 14. Nf1 c4 15. d4 Rfe8 16. Ng3 g6 17. Bh6 Bf8 18. Qd2 Bg7 19. h4 Bxh6 20. Qxh6 Ng4 21. Qg5 Ndf6 22. h5 h6 23. Qd2 Kh7 24. Nh4 Ng8 25. f3 N4f6 26. f4 Qe7 27. Nf3 Ng4 28. Rf1 N8f6 29. hxg6+ fxg6 30. Rae1 Rad8 31. f5 g5 32. Qc1 Rh8 33. Qa1 Qc7 34. Qa3 Rhg8 35. Qb4 Bc6 36. axb5 axb5 37. b3 cxb3 38. Bxb3 h5 39. Bxg8+ Rxg8 40. Nh2 Nxh2 41. Kxh2 h4 42. Nh1 Bxe4 43. dxe5 dxe5 44. Rxe4 g4 45. Rfe1 g3+ 46. Kh3 Rg5 47. Rxh4+ Kg7 48. Nxg3 e4 49. Re3 1-0

[Event "CCT Play-in Chessable Masters 2024"]
[Site "Online"]
[Date "2024.01.31"]
[Round "7"]
[White "Gabrielian, Artur"]
[Black "yobdc"]
[Result "1-0"]
[WhiteElo "2442"]
[BlackElo "2313"]
[Annotator "RC"]
[PlyCount "109"]
[EventDate "2024.01.26"]
[EventType "swiss"]
[EventCountry "NET"]
[SourceTitle "playchess.com"]
[Source "ChessBase"]
[SourceQuality "1"]

1. e4 c6 2. d4 d5 3. e5 Bf5 4. h4 h5 5. Bd3 Bxd3 6. Qxd3 Qa5+ 7. Nd2 e6 8. Ngf3 Nh6 9. O-O Nf5 10. a4 Be7 11. Nb3 Qc7 12. g3 Nd7 13. c4 dxc4 14. Qxc4 Nb6 15. Qc2 Nd5 16. Bg5 f6 17. Bd2 O-O-O 18. a5 a6 19. Rfe1 Rde8 20. Nc5 Bxc5 21. Qxc5 Kb8 22. Re2 Rhg8 23. Rae1 g5 24. exf6 gxh4 25. Ne5 hxg3 26. f7 gxf2+ 27. Kxf2 Qd8 28. fxe8=Q Rxe8 29. Rh1 Rg8 30. Rxh5 Ng3 31. Rh7 Qf6+ 32. Nf3 Nxe2 33. Qd6+ Ka8 34. Qd7 Rb8 35. Kxe2 Qf5 36. Rf7 Qe4+ 37. Kf2 Qc2 38. Qd6 Qxb2 39. Rf8 Rxf8 40. Qxf8+ Ka7 41. Qd6 Qc2 42. Qc5+ Qxc5 43. dxc5 Kb8 44. Ne5 Kc8 45. Kf3 Kd8 46. Ke4 Ke7 47. Bg5+ Kf8 48. Nc4 Nc3+ 49. Ke5 Kf7 50. Nd6+ Kg6 51. Bd2 Na4 52. Nxb7 Kf7 53. Nd6+ Ke7 54. Nc4 Nxc5 55. Bb4 1-0

[Event "CCT Play-in Chessable Masters 2024"]
[Site "Online"]
[Date "2024.01.31"]
[Round "7"]
[White "Matinian, Nikita"]
[Black "Frolyanov, Dmitry"]
[Result "1-0"]
[WhiteElo "2418"]
[BlackElo "2495"]
[Annotator "RC"]
[PlyCount "197"]
[EventDate "2024.01.26"]
[EventType "swiss"]
[EventCountry "NET"]
[SourceTitle "playchess.com"]
[Source "ChessBase"]
[SourceQuality "1"]

1. e4 e5 2. Nf3 Nf6 3. Nxe5 d6 4. Nf3 Nxe4 5. Qe2 Qe7 6. d3 Nf6 7. Bg5 Qxe2+ 8. Bxe2 Be7 9. Nc3 c6 10. O-O-O Na6 11. Rde1 Nc7 12. h3 Ne6 13. Bd2 Bd7 14. g4 h6 15. Nh4 g6 16. f4 Nd4 17. Bd1 Kf8 18. Rhf1 Nd5 19. Nxd5 Bxh4 20. Bc3 c5 21. Re4 f5 22. Bxd4 cxd4 23. Rxd4 fxg4 24. Bxg4 Rh7 25. Bxd7 Rxd7 26. f5 Bg5+ 27. Kd1 gxf5 28. h4 Bd8 29. Rxf5+ Rf7 30. Rdf4 Rxf5 31. Rxf5+ Kg7 32. h5 Bg5 33. Nc7 Rg8 34. Ne6+ Kh8 35. Rf7 Bh4 36. Nf4 Rg1+ 37. Ke2 Bg5 38. Ng6+ Kg8 39. Rxb7 Rg2+ 40. Kf3 Rxc2 41. a4 a5 42. Kg4 Bf6 43. b3 Bd4 44. Ne7+ Kf8 45. Nf5 Bc5 46. Nxh6 Rg2+ 47. Kf5 Rh2 48. Kg6 Rg2+ 49. Kh7 Rg5 50. Rf7+ Ke8 51. Rf5 Rg3 52. Rd5 Kd7 53. Nf5 Rh3 54. d4 Ke6 55. Ne7 Bb4 56. Ng6 Bd2 57. Rb5 d5 58. Rb6+ Kf5 59. Ne7+ Ke4 60. h6 Kxd4 61. Nf5+ Kc3 62. Kg6 Bxh6 63. Nxh6 d4 64. Ng4 Kc2 65. b4 axb4 66. Rxb4 d3 67. Rc4+ Kb3 68. Rd4 d2 69. Rxd2 Kxa4 70. Kf5 Kb3 71. Ke4 Rh4 72. Rg2 Rh8 73. Ne5 Re8 74. Rg7 Kc3 75. Rc7+ Kb3 76. Kd4 Rd8+ 77. Nd7 Rh8 78. Nc5+ Kc2 79. Ne4+ Kb3 80. Nd2+ Kb2 81. Nc4+ Kb3 82. Rb7+ Kc2 83. Rb2+ Kc1 84. Rg2 Rh4+ 85. Kd3 Rh3+ 86. Ne3 Kb1 87. Re2 Kc1 88. Kc3 Kb1 89. Kb3 Kc1 90. Rc2+ Kb1 91. Rc3 Rh8 92. Rd3 Rb8+ 93. Kc3 Rc8+ 94. Nc4 Rc7 95. Rd1+ Ka2 96. Rd6 Kb1 97. Ra6 Rc8 98. Ra7 Rc6 99. Kb3 1-0

[Event "CCT Play-in Chessable Masters 2024"]
[Site "Online"]
[Date "2024.01.31"]
[Round "7"]
[White "TomsKantans"]
[Black "Akobian, Varuzhan"]
[Result "0-1"]
[WhiteElo "2407"]
[BlackElo "2571"]
[Annotator "RC"]
[PlyCount "88"]
[EventDate "2024.01.26"]
[EventType "swiss"]
[EventCountry "NET"]
[SourceTitle "playchess.com"]
[Source "ChessBase"]
[SourceQuality "1"]

1. e4 d6 2. d4 Nf6 3. Nc3 c6 4. f4 Qa5 5. Bd3 e5 6. Nf3 exd4 7. Nxd4 Qb6 8. Nb3 a5 9. a4 Na6 10. Qe2 Nb4 11. Be3 Qc7 12. Bd4 Be7 13. e5 Bg4 14. Qe3 dxe5 15. Bxe5 Qd7 16. Bxf6 Nxd3+ 17. cxd3 gxf6 18. O-O Qe6 19. Qg3 Rg8 20. Nd4 Qd7 21. Nc2 O-O-O 22. Kh1 Be2 23. Nxe2 Rxg3 24. Nxg3 Qxd3 25. Rac1 Kb8 26. Ne1 Qb3 27. Nf3 Qxa4 28. Nf5 Bf8 29. Ne3 Qxf4 30. Nc4 Bb4 31. Nfe5 fxe5 32. Rxf4 exf4 33. Kg1 f6 34. Ra1 Rd5 35. Kf2 Kc7 36. Kf3 b5 37. Nxa5 Kb6 38. Nxc6 Kxc6 39. Ra6+ Kc5 40. Rxf6 Rd2 41. Rf5+ Kc4 42. Rxf4+ Kb3 43. Rh4 Rd7 44. Rh5 Rb7 0-1

[Event "CCT Play-in Chessable Masters 2024"]
[Site "Online"]
[Date "2024.01.31"]
[Round "7"]
[White "Sethu Madhav Upadhyayula"]
[Black "Demchenko, Anton"]
[Result "1-0"]
[WhiteElo "1502"]
[BlackElo "2609"]
[Annotator "RC"]
[PlyCount "127"]
[EventDate "2024.01.26"]
[EventType "swiss"]
[EventCountry "NET"]
[SourceTitle "playchess.com"]
[Source "ChessBase"]
[SourceQuality "1"]

1. e4 e5 2. Nf3 Nc6 3. Bb5 a6 4. Ba4 Nge7 5. c3 Ng6 6. d4 exd4 7. cxd4 Bb4+ 8. Bd2 O-O 9. O-O Bxd2 10. Nbxd2 d5 11. Bxc6 bxc6 12. Qc2 dxe4 13. Qxe4 Rb8 14. b3 Re8 15. Qxc6 Bb7 16. Qc2 Nf4 17. Rfe1 Qd7 18. h3 h6 19. Kh2 Bd5 20. Re3 Re6 21. Rxe6 Nxe6 22. Re1 a5 23. Kg1 Qd6 24. Ne4 Qb4 25. Rd1 c6 26. Qd3 Rd8 27. Ne5 a4 28. bxa4 f6 29. Nxf6+ Kf8 30. Qg6 Nf4 31. Qf5 Ne2+ 32. Kh2 gxf6 33. Qxf6+ Ke8 34. Rd3 Qe7 35. Qg6+ Kf8 36. Qxh6+ Ke8 37. Qg6+ Kf8 38. Re3 Rd6 39. Qf5+ Kg7 40. Rxe2 Qf6 41. Qg4+ Kh7 42. Qh5+ Kg7 43. Re3 Qf4+ 44. Rg3+ Kf8 45. Qh8+ Ke7 46. Qg7+ Kd8 47. Qg5+ Qxg5 48. Rxg5 Bxa2 49. Rg4 Kc7 50. h4 Rd5 51. h5 c5 52. h6 Bb1 53. h7 Bxh7 54. Rg7+ Kc8 55. Rxh7 Rxd4 56. a5 Ra4 57. Nc6 c4 58. Rh4 Kc7 59. Ne5 Rxa5 60. Nxc4 Ra4 61. g3 Kd8 62. Ne3 Ra2 63. Kg2 Ke7 64. Rf4 1-0

[Event "CCT Play-in Chessable Masters 2024"]
[Site "Online"]
[Date "2024.01.31"]
[Round "8"]
[White "Caruana, Fabiano"]
[Black "Smirnov, Pavel"]
[Result "0-1"]
[WhiteElo "2804"]
[BlackElo "2526"]
[Annotator "ChessBase"]
[PlyCount "210"]
[EventDate "2024.01.26"]
[EventType "swiss"]
[EventCountry "NET"]
[SourceTitle "playchess.com"]
[Source "ChessBase"]
[SourceQuality "1"]

1. d4 Nf6 2. c4 e6 3. Nc3 Bb4 4. e3 O-O 5. a3 Bxc3+ 6. bxc3 c5 7. Bd3 Nc6 8. Nf3 d5 9. O-O dxc4 10. Bxc4 Qc7 11. a4 b6 12. Qe2 e5 13. Ba3 e4 14. Nd2 Na5 15. Ba2 Bg4 16. f3 exf3 17. gxf3 Be6 18. c4 Rfe8 19. d5 Bh3 20. Rfe1 Qe5 21. Nf1 Qg5+ 22. Ng3 h5 23. f4 Qh6 24. Bb1 h4 25. Nh1 Nb3 26. Nf2 Nxa1 27. Nxh3 Nb3 28. Ng5 Qh5 29. Qxh5 Nxh5 30. Kf2 Nf6 31. Re2 Ng4+ 32. Kf3 Nxe3 33. Bh7+ Kf8 34. Bb2 Nxc4 35. Bc3 Rxe2 36. Kxe2 Nd4+ 37. Kd3 Nd6 38. Bxd4 cxd4 39. Kxd4 Rc8 40. Bd3 Rc1 41. Nf3 Ra1 42. Bc2 Ra3 43. Nxh4 Rh3 44. Ng2 Rxh2 45. Ne3 Ke7 46. Bd3 g6 47. Nc2 Rh4 48. Ke3 Kf6 49. Nd4 Rh3+ 50. Ke2 Rh2+ 51. Ke3 Ra2 52. Bc2 Ra3+ 53. Ke2 Rc3 54. Kd2 Rc4 55. Kd3 Rc5 56. Bb3 Rc1 57. Nc6 a5 58. Ne5 Ke7 59. Bc2 Ra1 60. Nc6+ Kd7 61. Ne5+ Kc7 62. Kd2 Ra3 63. Ke2 Rh3 64. Nf3 Rh1 65. Kd2 b5 66. axb5 Nxb5 67. Ne5 Nd6 68. Nc6 Rh4 69. Ke3 Rh3+ 70. Kd4 Ra3 71. Ne5 Nb5+ 72. Kc5 Nd6 73. Kd4 Ra1 74. Nd3 Rg1 75. Nc5 Rg2 76. Ba4 Rb2 77. Bc6 Rb4+ 78. Ke5 Nc4+ 79. Kf6 Nd6 80. Ke5 f6+ 81. Kxf6 Rxf4+ 82. Kxg6 Rf1 83. Kg5 Rc1 84. Ne6+ Kb6 85. Kf6 Re1 86. Ke7 Nc8+ 87. Kd7 Na7 88. Ba4 Ra1 89. Bc2 a4 90. d6 a3 91. Nc7 Nc6 92. Bb3 Nd4 93. Bg8 Rg1 94. Ba2 Rg7+ 95. Kc8 Kc6 96. Ne8 Ra7 97. Kb8 Rb7+ 98. Kc8 Ra7 99. Kb8 Ra5 100. Nc7 Kxd6 101. Kb7 Ra4 102. Na6 Ra5 103. Nc7 Rc5 104. Ne8+ Ke5 105. Kb6 Rc2 0-1

[Event "CCT Play-in Chessable Masters 2024"]
[Site "Online"]
[Date "2024.01.31"]
[Round "8"]
[White "Keymer, Vincent"]
[Black "So, Wesley"]
[Result "0-1"]
[WhiteElo "2743"]
[BlackElo "2757"]
[Annotator "TA"]
[PlyCount "116"]
[EventDate "2024.01.26"]
[EventType "swiss"]
[EventCountry "NET"]
[SourceTitle "playchess.com"]
[Source "ChessBase"]
[SourceQuality "1"]

1. d4 Nf6 2. c4 e6 3. Nf3 d5 4. Nc3 c5 5. cxd5 cxd4 6. Qxd4 exd5 7. e4 dxe4 8. Qxd8+ Kxd8 9. Ng5 Be6 10. Nxe6+ fxe6 11. Bg5 Nc6 12. O-O-O+ Ke8 13. Bb5 Rc8 14. Kb1 Bb4 15. Bxf6 gxf6 16. Nxe4 Ke7 17. a3 f5 18. axb4 fxe4 19. Rhe1 Rhf8 20. Bxc6 Rxc6 21. Re2 Rc4 22. Rc1 Rxc1+ 23. Kxc1 Kd6 24. Kd2 Ke5 25. f3 Rd8+ 26. Kc3 Rd3+ 27. Kc2 Rd4 28. Kc3 b5 29. b3 Rd3+ 30. Kc2 Rd4 31. Kc3 a6 32. Re3 Kd5 33. fxe4+ Rxe4 34. Rd3+ Ke5 35. Rh3 Re2 36. g3 Re3+ 37. Kc2 Kd4 38. Rh4+ Re4 39. Rxh7 Re2+ 40. Kd1 Rg2 41. Rd7+ Kc3 42. Rd6 e5 43. Rxa6 Rxh2 44. Re6 Rh5 45. Ke2 Kxb4 46. Kf3 Rg5 47. g4 Kxb3 48. Kg3 Kc4 49. Kh4 Kd5 50. Rb6 Rg8 51. Rxb5+ Kd4 52. g5 e4 53. Kg4 Re8 54. Rb4+ Kc3 55. Rb1 e3 56. g6 e2 57. Kf5 Rf8+ 58. Ke6 Rf1 0-1

[Event "CCT Play-in Chessable Masters 2024"]
[Site "Online"]
[Date "2024.01.31"]
[Round "8"]
[White "Yu, Yangyi"]
[Black "Rakhmanov_Aleksandr"]
[Result "1/2-1/2"]
[WhiteElo "2720"]
[BlackElo "2626"]
[Annotator "RC"]
[PlyCount "184"]
[EventDate "2024.01.26"]
[EventType "swiss"]
[EventCountry "NET"]
[SourceTitle "playchess.com"]
[Source "ChessBase"]
[SourceQuality "1"]

1. e4 d5 2. exd5 c6 3. d4 cxd5 4. Nf3 Nc6 5. Ne5 e6 6. Bb5 Bd7 7. Nxd7 Qxd7 8. c3 Nf6 9. O-O Bd6 10. Nd2 O-O 11. Re1 Qc7 12. g3 a6 13. Bd3 Rae8 14. Nf3 h6 15. Bd2 Re7 16. Re2 Rfe8 17. Qc2 e5 18. dxe5 Nxe5 19. Nxe5 Rxe5 20. Rae1 Qc6 21. Be3 R5e7 22. Bd4 Ne4 23. Kg2 b5 24. f3 Nc5 25. Bf5 Ne6 26. Be5 Kf8 27. Bxe6 Rxe6 28. Qh7 f6 29. Bxd6+ Qxd6 30. Qh8+ Kf7 31. Qxe8+ Rxe8 32. Rxe8 d4 33. cxd4 Qxd4 34. R8e2 h5 35. h4 Kg6 36. b3 a5 37. Rc1 Qd3 38. Rcc2 a4 39. Rcd2 Qc3 40. bxa4 bxa4 41. Rd7 Qc4 42. Rde7 Kh6 43. R7e6 Qd5 44. R6e4 Qd3 45. Rf2 a3 46. Rfe2 Qd5 47. R4e3 Qc4 48. Rf2 Qc5 49. Rd3 Qb4 50. Rfd2 Qc5 51. Re2 Qc4 52. Red2 Qc5 53. Rd8 Qc3 54. R8d5 Qb4 55. R5d4 Qc3 56. Kf2 Kg6 57. R4d3 Qc5+ 58. Re3 Kh6 59. Rde2 Qc1 60. Kg2 Qc4 61. Re4 Qc5 62. g4 hxg4 63. fxg4 Qd5 64. Kg3 Qd6+ 65. Kh3 Qd3+ 66. R4e3 Qd1 67. Kg2 Qd5+ 68. Re4 Qd3 69. Kf2 Qh3 70. g5+ fxg5 71. Re6+ g6 72. hxg5+ Kxg5 73. R6e3 Qh4+ 74. Kg2 Qc4 75. Rf2 Qd5+ 76. Kg3 Kh6 77. Ref3 Qg5+ 78. Kh2 Qe5+ 79. Kg2 Qd5 80. Kg1 Qd1+ 81. Kh2 Qd6+ 82. Kh3 Qe6+ 83. Kg3 Qd6+ 84. Kg4 Qe6+ 85. Kf4 g5+ 86. Kg3 Qd6+ 87. Kg2 Kh5 88. Re3 Qd5+ 89. Kg1 Qd1+ 90. Kg2 Qd5+ 91. Kg1 Qd1+ 92. Kg2 Qd5+ 1/2-1/2

[Event "CCT Play-in Chessable Masters 2024"]
[Site "Online"]
[Date "2024.01.31"]
[Round "8"]
[White "LevonAronian"]
[Black "Oparin, Grigoriy"]
[Result "1-0"]
[WhiteElo "2714"]
[BlackElo "2664"]
[Annotator "TA"]
[PlyCount "143"]
[EventDate "2024.01.26"]
[EventType "swiss"]
[EventCountry "NET"]
[SourceTitle "playchess.com"]
[Source "ChessBase"]
[SourceQuality "1"]

1. e4 c5 2. Nf3 Nc6 3. Bb5 d6 4. O-O Bd7 5. Re1 a6 6. Bf1 Bg4 7. h3 Bxf3 8. Qxf3 Nf6 9. Qd1 e6 10. d3 Be7 11. Nd2 O-O 12. Nf3 d5 13. e5 Nd7 14. g3 b5 15. h4 a5 16. a4 bxa4 17. Rxa4 d4 18. Bg2 Qc7 19. Bf4 Rab8 20. b3 Nb6 21. Ra1 Nd5 22. Qc1 Nxf4 23. Qxf4 Nb4 24. Qc1 Ra8 25. Nd2 Ra7 26. Nc4 Nd5 27. Ra3 Nc3 28. Qf4 Rb8 29. Kh2 Nd5 30. Qd2 Nb4 31. Rea1 Rb5 32. Be4 Bd8 33. Kg2 Qe7 34. h5 Bc7 35. Qe2 Qd8 36. f4 Nd5 37. Bxd5 exd5 38. Nd2 Ra6 39. Qg4 Rb8 40. Nf3 Qc8 41. f5 Qd7 42. Re1 Re8 43. Raa1 h6 44. Re2 Bd8 45. Rae1 Qc8 46. e6 fxe6 47. fxe6 Bf6 48. Qf5 Qd8 49. Nh2 Rf8 50. Qg6 Qe7 51. Ng4 Kh8 52. Qf5 Bg5 53. Qxd5 Be3 54. Ne5 Rxe6 55. Ng6+ Rxg6 56. hxg6 Qf6 57. Qe4 Kg8 58. Rh1 Kh8 59. Ra1 Kg8 60. Kh2 Kh8 61. Qg4 Qb6 62. Rae1 Qf6 63. Ra1 Qb6 64. Rg2 Kg8 65. Kh1 Kh8 66. Kh2 Kg8 67. Qh5 Kh8 68. Re2 Qf6 69. Rxa5 Qf1 70. Rg2 Bg1+ 71. Rxg1 Rf2+ 72. Kh1 1-0

[Event "CCT Play-in Chessable Masters 2024"]
[Site "Online"]
[Date "2024.01.31"]
[Round "8"]
[White "Zohid6"]
[Black "SpeedofLight0"]
[Result "0-1"]
[WhiteElo "2705"]
[BlackElo "2500"]
[Annotator "TA"]
[PlyCount "96"]
[EventDate "2024.01.26"]
[EventType "swiss"]
[EventCountry "NET"]
[SourceTitle "playchess.com"]
[Source "ChessBase"]
[SourceQuality "1"]

1. e4 e5 2. Nf3 Nc6 3. Bb5 a6 4. Ba4 Nf6 5. O-O Be7 6. Re1 b5 7. Bb3 d6 8. c3 O-O 9. h3 Bb7 10. d4 Re8 11. Nbd2 Bf8 12. Bc2 exd4 13. cxd4 Qd7 14. b3 g6 15. Bb2 Bg7 16. Rc1 Nh5 17. Bb1 Re7 18. Nf1 Rae8 19. Qd2 Nd8 20. d5 Bxb2 21. Qxb2 c6 22. Ne3 cxd5 23. exd5 f5 24. Red1 Nf7 25. Rd2 Ne5 26. Nxe5 Rxe5 27. Rcd1 Qe7 28. a4 Nf4 29. axb5 axb5 30. Kh2 Qg5 31. Qc2 R8e7 32. b4 h5 33. Ba2 h4 34. Kh1 Kh7 35. Qc3 Nh5 36. Nf1 Re1 37. Bb3 Nf6 38. Rxe1 Rxe1 39. Kg1 Ne4 40. Qc7+ Kh6 41. Rd1 Qf4 42. Rxe1 Qxf2+ 43. Kh2 Qxe1 44. Qd8 Kh5 45. Bd1+ Qxd1 46. Qh8+ Kg5 47. Qd8+ Nf6 48. Qe7 Qxf1 0-1

[Event "CCT Play-in Chessable Masters 2024"]
[Site "Online"]
[Date "2024.01.31"]
[Round "8"]
[White "Saric, Ivan"]
[Black "Mishra, Abhimanyu"]
[Result "1-0"]
[WhiteElo "2689"]
[BlackElo "2627"]
[Annotator "TA"]
[PlyCount "105"]
[EventDate "2024.01.26"]
[EventType "swiss"]
[EventCountry "NET"]
[SourceTitle "playchess.com"]
[Source "ChessBase"]
[SourceQuality "1"]

1. e4 c5 2. Nf3 d6 3. d4 cxd4 4. Nxd4 Nf6 5. Nc3 a6 6. Be3 e5 7. Nb3 Be7 8. h3 h6 9. Qf3 b5 10. O-O-O b4 11. Nd5 Nxd5 12. exd5 a5 13. g4 Qc7 14. Kb1 a4 15. Nc5 Nd7 16. Ne4 Ba6 17. Rc1 Bxf1 18. Rhxf1 Nf6 19. c4 bxc3 20. Rxc3 Qb7 21. Rfc1 O-O 22. Rc7 Qb4 23. R1c4 Qe1+ 24. Rc1 Qb4 25. a3 Qb5 26. Nc3 Qd3+ 27. Ka1 Bd8 28. Rc6 e4 29. Qd1 Ba5 30. g5 hxg5 31. Bxg5 Bxc3 32. R6xc3 Qxd1 33. Rxd1 Rfc8 34. Bxf6 gxf6 35. Rc6 Rab8 36. Rd4 Rxc6 37. dxc6 Kf8 38. Rxe4 Rc8 39. Rxa4 Rxc6 40. Kb1 Ke7 41. Re4+ Kd7 42. b4 d5 43. Re3 Kd6 44. b5 Rc8 45. b6 d4 46. Rb3 Rb8 47. b7 Kc5 48. Kc2 Kc6 49. Kd3 f5 50. a4 Kc5 51. a5 Kc6 52. a6 Rd8 53. b8=Q 1-0

[Event "CCT Play-in Chessable Masters 2024"]
[Site "Online"]
[Date "2024.01.31"]
[Round "8"]
[White "evgchess5"]
[Black "Muradli, Mahammad"]
[Result "1-0"]
[WhiteElo "2689"]
[BlackElo "2555"]
[Annotator "TA"]
[PlyCount "117"]
[EventDate "2024.01.26"]
[EventType "swiss"]
[EventCountry "NET"]
[SourceTitle "playchess.com"]
[Source "ChessBase"]
[SourceQuality "1"]

1. e4 c5 2. Nf3 d6 3. Bb5+ Bd7 4. c4 Nf6 5. Nc3 Nc6 6. d4 cxd4 7. Nxd4 g6 8. h3 Nxd4 9. Qxd4 Bg7 10. Bxd7+ Qxd7 11. Bd2 O-O 12. Qd3 Qc6 13. Rc1 Nd7 14. Qe2 Nc5 15. f3 Qb6 16. b3 e6 17. Be3 Qb4 18. Bd2 Qb6 19. Be3 Qa5 20. Qd2 a6 21. O-O Rfd8 22. Rfd1 b5 23. Ne2 Qxd2 24. Rxd2 Bf8 25. cxb5 axb5 26. Nd4 Rdb8 27. Nc6 Rc8 28. Nb4 Nd7 29. Rxc8 Rxc8 30. Rc2 Ra8 31. Nc6 h5 32. Kf1 Nc5 33. Ke2 Na6 34. b4 d5 35. a3 dxe4 36. fxe4 Nc7 37. Na7 Bd6 38. Bb6 Ne8 39. Nxb5 Be5 40. Ke3 f5 41. Na7 Rb8 42. Nc6 Rxb6 43. Nxe5 Nf6 44. exf5 gxf5 45. Rc6 Rb7 46. Rxe6 Nd5+ 47. Kd4 Nf4 48. Rd6 Ra7 49. Nc4 Kf7 50. g3 Ne2+ 51. Ke5 Nxg3 52. Kf4 h4 53. b5 Ra4 54. Rc6 Ke7 55. b6 Ra6 56. Ke5 Kd7 57. Rc7+ Kd8 58. Rh7 Ra4 59. b7 1-0